Liczby pierwsze - Nagła Śmierć - Statystyki

Ogólne statystyki
  • Ten quiz został rozwiązany 29 157 razy
  • Średni wynik to 9 z 15
Answers on the Grid
Answers color-coded by a green-red scale on the quiz's grid according to % correct below.
1
2
3
4
5
6
7
8
9
10
11
12
13
14
15
16
17
18
19
20
21
22
23
24
25
26
27
28
29
30
31
32
33
34
35
36
37
38
39
40
41
42
43
44
45
46
47
48
49
50
 
Statystyki odpowiedzi
Odpowiedź % Poprawnych
3
88%
2
87%
5
82%
7
82%
11
73%
13
73%
17
70%
19
63%
23
61%
31
45%
29
44%
37
39%
41
29%
43
28%
47
26%
Nie znaleziono quizów pasujących do podanych kryteriów
Rozkład punktacji
Procent ludzi z każdym wynikiem
Percentyl według liczby udzielonych odpowiedzi
Twoja historia wyników
Nie rozwiązałeś tego quizu